00790nam a2200181 a 450000100100000000500170001000800410002704000250006808200150009310000320010824500640014026000800020430000300028471000850031404900090039995201830040899900170059100003096520200930062622.0110608s1929 dr c 000 | spa d aDO-SdBNPbspacBNPHU axxxbR594s1 aRiquelme Inda, Julio95747613aLa siembra y cultivo del henequén /cJulio Riquelme Inda. aSanto Domingo :bImprenta de la Compañia Dominicana de Publicidad,c1929. a33 p. :bretrs. ;c22 cm.1 aRepública Dominicana.bSecretaría de Estado de Agricultura y Comercio957477 aBNPD 001050718RVaPDbPDcCTd2011-06-08iLF1l0oxxx R594sp30965-10r2020-06-25w2020-06-25y1zPerteneció a la biblioteca personal de Carlos Larrazábal Blanco.ZNo se presta c30457d30457